Score 0/20 Timer 07:00
2 Plays Today
% Correct
Donald Trump
99.1%
Hillary Rodham Clinton
98%
Barack Obama
95.9%
George H.W. Bush
94.6%
Sarah Palin
94.1%
John McCain
92.3%
Al Gore
85.6%
Elizabeth Warren
81.6%
Chris Christie
80.3%
Gerald Ford
78.9%
% Correct
Reverend Jesse Jackson
71.3%
Bob Dole
68.2%
Reverend Al Sharpton
68%
Janet Reno
56.4%
Mike Huckabee
53.8%
Ed Koch
40.9%
George Pataki and Rudy Giuliani
24.9%
Steve Forbes
24.7%
Ralph Nader
23.4%
David Paterson
14.2%
Remove Ads.
Support Sporcle.
Get the best of Sporcle when you Go Orange. This ad-free experience offers more features, more stats, and more fun while also helping to support Sporcle. Thank you for becoming a member.

You're not logged in!

Compare scores with friends on all Sporcle quizzes.
OR
Log In

Show Comments

Extras

Top Quizzes Today


Score Distribution

Your Account Isn't Verified!

In order to create a playlist on Sporcle, you need to verify the email address you used during registration. Go to your Sporcle Settings to finish the process.

Report this User

Report this user for behavior that violates our Community Guidelines.

Details: